00278nam a22000977a 4500008004100000082001500041100000900056245008300065260002400148300000800172230620b xxu||||| |||| 00| 0 eng d a324.6bSAD cSADC aSADC PARLIAMENTARY FORUMbNorms and Standards for Elections in the SADC Region aNamibiabSADCc2001 a35P